000
00202 a2200097 4500
001
42985
100
_a
Lawrench
245
_a
Charles Napier
260
_a
London
_b
John Murray
_c
090
_c
26862
_d
26862
942
_a
NUST-CAE
_c
M
_c
18738
999
_c
278058
_d
278058